| 000 | 00909nas a2200313 4500 | ||
|---|---|---|---|
| 001 | BR2012007218 | ||
| 003 | BR-BrBNA | ||
| 005 | 20231205121219.0 | ||
| 007 | ta | ||
| 008 | 230509b bl.|||p| |||| 00| 00por d | ||
| 040 |
_aBR-BrBNA _bpor _cBiblioteca Nacional de Agricultura |
||
| 041 | _a(En) | ||
| 072 | _aH60 | ||
| 100 | 1 | _aPeres, M.T.L.P. | |
| 100 | 1 | _aCândido, A.C. da S. | |
| 100 | 1 | _aBonilla, M.B. | |
| 100 | 1 | _aFaccenda, O. | |
| 100 | 1 | _aHess, S.C. | |
| 245 | 1 | _aPhytotoxic potential of Senna ocidentalis and Senna obtusifolia | |
| 650 | _aLEGUMINOSAE | ||
| 650 | _aFITOTOXICIDADE | ||
| 650 | _aERVA DANINHA | ||
| 650 | _aGERMINAÇÃO | ||
| 650 | _aALFACE | ||
| 650 | _aCEBOLA | ||
| 773 | 0 |
_tActa Scientiarum. Biological Sciences (Brazil) _xISSN 1679-9283 _g(Jul- Sep 2010), v. 32(3) p. 305-309 _wBR2012007218 |
|
| 909 |
_a202311 _bLúcia _c55 _dLúcia Elande |
||
| 942 |
_2AGRIS _n0 _cANA |
||
| 999 |
_c222364 _d222364 |
||